La prueba en el proceso penal oral
Spremljeno u:
| Glavni autor: | |
|---|---|
| Format: | Knjiga |
| Jezik: | španjolski |
| Izdano: |
Santiago
Metropolitana
2003
|
| Teme: | |
| Oznake: |
Dodaj oznaku
Bez oznaka, Budi prvi tko označuje ovaj zapis!
|
MARC
| LEADER | 00000nam a2200000 a 4500 | ||
|---|---|---|---|
| 001 | UCL2317 | ||
| 003 | CL-VaPUC | ||
| 008 | 031017e20030000CL |||||||||||||||||spa|d | ||
| 020 | |a 9562860361 | ||
| 082 | 0 | 4 | |a 345.8306 |b AGU |2 21 |
| 100 | |a Aguilar Aranela, Cristián |e author |9 574648 | ||
| 245 | 1 | 3 | |a La prueba en el proceso penal oral |
| 300 | |a 258 p | ||
| 942 | |c BK | ||
| 945 | |d 20031017 00:00:00 |a cmena | ||
| 260 | |a Santiago |b Metropolitana |c 2003 | ||
| 650 | 7 | |a DERECHO PENAL CHILENO |2 CL-VaPUC |9 479405 | |
| 650 | 0 | |a Procedimiento penal |9 254974 | |
| 650 | 0 | |a Pruebas |9 256249 | |
| 650 | 0 | |a Derecho procesal penal |9 256392 | |
| 583 | |a last modification |c 20031017 00:00:00 |k Rodrigo Vera | ||
| 999 | |c 305658 |d 305656 | ||
| 952 | |0 0 |1 0 |4 0 |6 345_830600000000000_AGU_2003 |7 0 |8 A |9 369832 |a BIBDER |b BIBDER |d 2019-11-21 |i 4394097 |l 1 |o 345.8306 AGU 2003 |p 4394097 |r 2023-09-06 |s 2023-09-06 |w 2019-11-21 |y BK |k DER | ||